00723nam a2200241 a 4500001001300000003000900013005001700022008004100039020001000080082001700090100002300107245003100130260005800161300000800219500003500227505002400262650002400286700002300310902000800333942000700341952011800348999001500466nice12345678IN_TiNIC20260116012407.0050524s1954 hyda grp 000 0 urd  ac10000a954.84bHAS1 aHashmi, Nasiruddin aMalika Hayat Bakhshi Begum aHyderabadbDarut Taba Jamia Osmania sarkar aalic1954 a48p aincludes index and biblioraphy2 aIndex, Illustration aHayat Bakhshi Begam1 aHashmi, Nasiruddin bSRS cBK 001040708StackRoom-aHMIbHMId2009-04-21g100.00l0o954.84 HAS1p013639r2009-04-21v100.00w2005-05-24yBK c6844d6844